000
00263nam a22000977a 4500
008
130411b xxu||||| |||| 00| 0 eng d
020
_c
Avalable
082
_a
005.1BIS
245
_a
Computer Security: Art and Science
_c
Bishop, Matt
260
_a
India
_b
Prentice- Hall
_c
2003
999
_c
23345
_d
23345